Sefer Yeshuʻat Mosheh : (Record no. 32875)
[ view plain ]
| 000 -LEADER | |
|---|---|
| fixed length control field | 01684cam a2200361 a 4500 |
| 001 - CONTROL NUMBER | |
| control field | he 68000287 |
| 003 - CONTROL NUMBER IDENTIFIER | |
| control field | DLC |
| 005 - DATE AND TIME OF LATEST TRANSACTION | |
| control field | 20260227111453.0 |
| 008 - FIXED-LENGTH DATA ELEMENTS--GENERAL INFORMATION | |
| fixed length control field | 900130m19679999is 000 0 heb |
| 010 ## - LIBRARY OF CONGRESS CONTROL NUMBER | |
| LC control number | he 68000287 |
| 035 ## - SYSTEM CONTROL NUMBER | |
| System control number | (CStRLIN)DCLH90-B367 |
| 040 ## - CATALOGING SOURCE | |
| Original cataloging agency | DLC |
| Transcribing agency | DLC |
| Modifying agency | DLC-R |
| -- | DLC |
| 050 00 - LIBRARY OF CONGRESS CALL NUMBER | |
| Classification number | BM522.21 |
| Item number | .R6 1967 |
| 066 ## - CHARACTER SETS PRESENT | |
| Alternate G0 or G1 character set | (2 |
| 100 1# - MAIN ENTRY--PERSONAL NAME | |
| Linkage | 880-01 |
| Personal name | Aharonson, Yehoshuʻa Mosheh ben Mikhaʼel Eliyahu. |
| 240 10 - UNIFORM TITLE | |
| Linkage | 880-02 |
| Uniform title | Yeshuʻat Mosheh (Sheʼelot u-teshuvot) |
| 245 10 - TITLE STATEMENT | |
| Linkage | 880-03 |
| Title | Sefer Yeshuʻat Mosheh : |
| Remainder of title | kolel sheʼelot u-teshuvot, ḥiḳre u-verure halakhot / |
| Statement of responsibility, etc. | Yehoshuʻa Mosheh ben Mikhaʼel Eliyahu Aharonson. |
| 260 ## - PUBLICATION, DISTRIBUTION, ETC. | |
| Linkage | 880-04 |
| Place of publication, distribution, etc. | Petaḥ-Tiḳṿah : |
| Name of publisher, distributor, etc. | Y.M. ben M.E. Ahronson, |
| Date of publication, distribution, etc. | 1967-<[1983 or 1984 ]> |
| 300 ## - PHYSICAL DESCRIPTION | |
| Extent | <v. 1-4; in 3 > ; |
| Dimensions | 25 cm. |
| 500 ## - GENERAL NOTE | |
| General note | Spine title: Shut Yeshuʻat Mosheh. |
| 500 ## - GENERAL NOTE | |
| General note | Vols. 3-4 have publication date: 5744. |
| 650 #0 - SUBJECT ADDED ENTRY--TOPICAL TERM | |
| Topical term or geographic name entry element | Responsa |
| Chronological subdivision | 1948- |
| 740 0# - ADDED ENTRY--UNCONTROLLED RELATED/ANALYTICAL TITLE | |
| Linkage | 880-05 |
| Uncontrolled related/analytical title | Yeshuʻat Mosheh. |
| 740 0# - ADDED ENTRY--UNCONTROLLED RELATED/ANALYTICAL TITLE | |
| Linkage | 880-06 |
| Uncontrolled related/analytical title | Shut Yeshuʻat Mosheh. |
| 740 0# - ADDED ENTRY--UNCONTROLLED RELATED/ANALYTICAL TITLE | |
| Linkage | 880-07 |
| Uncontrolled related/analytical title | Sheʼelot u-teshuvot Yeshuʻat Mosheh. |
| 880 1# - ALTERNATE GRAPHIC REPRESENTATION | |
| Linkage | 100-01/(2/r |
| a | אהרנסון, יהושע משה בן מיכאל אליהו. |
| 880 10 - ALTERNATE GRAPHIC REPRESENTATION | |
| Linkage | 240-02/(2/r |
| a | ישועת משה |
| 880 10 - ALTERNATE GRAPHIC REPRESENTATION | |
| Linkage | 245-03/(2/r |
| a | ספר ישועת משה : |
| b | כולל שאלות ותשובות, חקרי וברורי הלכות / |
| c | יהושע משה בן מיכאל אליהו אהרנסון. |
| 880 ## - ALTERNATE GRAPHIC REPRESENTATION | |
| Linkage | 260-04/(2/r |
| a | פתח־תקוה : |
| b | י.מ. בן מ.א. אהרנסון, |
| c | 1967-<[1983 or 1984 ]>. |
| 880 0# - ALTERNATE GRAPHIC REPRESENTATION | |
| Linkage | 740-05/(2/r |
| a | ישועת משה. |
| 880 0# - ALTERNATE GRAPHIC REPRESENTATION | |
| Linkage | 740-06/(2/r |
| a | שו״ת ישועת משה. |
| 880 0# - ALTERNATE GRAPHIC REPRESENTATION | |
| Linkage | 740-07/(2/r |
| a | שאלות ותשובות ישועת משה. |
No items available.